000 00575nam a2200181 i 4500
001 55455
003 ES-MaACL
005 20230906163141.0
007 t|
008 030919s1973 sp ||||1| spa d
100 1 _aDerogy, Jacques.
_943787
245 1 3 _aLa ley del retorno
_b: la secreta y auténtica historia del Exodus /
_cJacques Derogy ; [traducción de, Carmen Vilaginés].
250 _a[1ª ed.].
260 _a[Barcelona] :
_bAyma,
_c[1973]
300 _a352 p., 4 lám. ;
_c20 cm.
700 1 _aVilaginés, Carme.
_9114761
852 _aES-MaACL
_jC-52950
_bR.85430
999 _c55455
_d55455